Cavour et l'Eglise libre dans l'état libre / (Record no. 167191)

MARC details
000 -LEADER
campo de control de longitud fija 00852nam a22002175i 4500
001 - NÚMERO DE CONTROL
campo de control 167191
003 - IDENTIFICADOR DE NÚMERO DE CONTROL
campo de control ES-MaACL
005 - FECHA Y HORA DE LA ÚLTIMA TRANSACCIÓN
campo de control 20251004063217.0
008 - DATOS DE LONGITUD FIJA--INFORMACIÓN GENERAL
campo de control de longitud fija 050921s1874 fr | |||||||| ||fre d
040 ## - FUENTE DE CATALOGACIÓN
Centro catalogador/agencia de origen CAM
Lengua de catalogación spa
Centro/agencia transcriptor CAM
100 1# - ENTRADA PRINCIPAL--NOMBRE DE PERSONA
Nombre de persona Vera, Augusto,
Fechas asociadas al nombre 1813-1885
9 (RLIN) 133627
245 10 - MENCIÓN DEL TÍTULO
Título Cavour et l'Eglise libre dans l'état libre /
Mención de responsabilidad, etc. par A. Véra.
250 ## - MENCION DE EDICION
Mención de edición Ed. française avec un préface et des notes.
260 ## - PUBLICACIÓN, DISTRIBUCIÓN, ETC.
Lugar de publicación, distribución, etc. Naples :
Nombre del editor, distribuidor, etc. Detken et Rocholl ;
Lugar de publicación, distribución, etc. Paris :
Nombre del editor, distribuidor, etc. Germer Baillière,
Fecha de publicación, distribución, etc. 1874 (
Fabricante Imprimerie de L'Union)
300 ## - DESCRIPCIÓN FÍSICA
Extensión LXXXVII, 196 p. ;
Dimensiones 24 cm.
600 14 - PUNTO DE ACCESO ADICIONAL DE MATERIA--NOMBRE DE PERSONA
Nombre de persona Cavour, Camillo (
Fechas asociadas al nombre 1810-1861)
9 (RLIN) 176214
650 #7 - PUNTO DE ACCESO ADICIONAL DE MATERIA--TÉRMINO DE MATERIA
Término de materia o nombre geográfico como elemento de entrada Iglesia y Estado
Fuente del encabezamiento o término embne
9 (RLIN) 13554
852 ## - LOCALIZACIÓN
Ubicación ES-MaACL
Número de control de estantería T-253-F-4
Nota libre -- Enc. hol., falto de la cub. original
-- -- Enc. en un vol. facticio
852 ## - LOCALIZACIÓN
Ubicación ES-MaACL
Número de control de estantería D-4516
Nota libre -- Enc. hol.
Holdings
Estatus retirado Estado de pérdida Estado de daño No para préstamo Colección Biblioteca de origen Biblioteca actual Ubicación en estantería Fecha de adquisición Total de préstamos Signatura topográfica completa Código de barras Visto por última vez Precio de reemplazo Tipo de ítem Koha Fuente del sistema de clasificación o colocación Restricciones de uso
        Colección de folletos Biblioteca del Ateneo de Madrid Biblioteca del Ateneo de Madrid Depósito folletos 17/01/2008   T-253-F-4 1175383 23/02/2023 23/02/2023 Folleto    
          Biblioteca del Ateneo de Madrid Biblioteca del Ateneo de Madrid Sala Valle Inclán 17/01/2008   D-4516 901175387 23/02/2023 23/02/2023 Libro impreso antiguo Clasificación decimal universal Duplicado